000 01097nam a22002897a 4500
001 9170
003 FISKH
005 20251126140936.0
008 251126b cb ||||| |||| 00| 0 eng d
020 _a9781407104201
040 _aFISKH
_beng
_cFISKH
_dFISKH
050 _aDT61 .D359
082 _a932.01
100 _aDeary, Terry
_eAuthor
245 _aAwful Egyptians /
_cby Terry Deary ; illustrated by Martin Brown
260 _aLondon :
_bScholastic ,
_c2006
300 _a141 pages :
_billustrations ;
_c20 cm
490 _aHorrible histories
505 _aR
520 _aDiscover all the foul facts about the Awful Egyptians with history's most horrible headlines. All the Awful Egyptians' most horrible facts ready for readers to uncover, including: Why the Egyptian people worshipped a dung beetle, Which pharaoh married her grandfather, and what the 'Shepherd of the Royal Backside' had to do!
521 8 _a770
_bLexile
521 8 _aR
_bRaz-Plus
650 _aHistory
_vAncient Egypt
700 _aBrown, Martin
_eIllustrator
942 _2ddc
_cBK
_n0
999 _c9170
_d9170